Entre amis 2 : (Registro nro. 9924)
[ vista simple ]
| 000 -LIDER | |
|---|---|
| fixed length control field | 00874nam a22002537a 4500 |
| 003 - IDENTIFICACDOR DE NÚMERO DE CONTROL | |
| control field | DO-SdBNP |
| 005 - DATE AND TIME OF LATEST TRANSACTION | |
| control field | 20180313105706.0 |
| 008 - ELEMENTOS DE LONGITUD FIJA | |
| fixed length control field | 160425b 2005 dr 00| 0 fre d |
| 020 ## - ISBN | |
| International Standard Book Number | 9789945110692 (v. 1) |
| 020 ## - ISBN | |
| International Standard Book Number | 9789945110739 ( v. 2) |
| 040 ## - FUENTE DE CATALOGACIÓN | |
| Agencia que crea de manera original el registro | BPMSU |
| Idioma de catalogación | fre |
| Agencia que realiza la transcripción | BPMSU |
| 082 #4 - NÚMERO DE CLASIFICACIÓN DECIMAL DE DEWEY | |
| Classification number | xxxx |
| Item number | xxxx |
| 100 1# - ASIENTO PRINCIPAL -- NOMBRE PERSONAL | |
| Nombre personal | Flores Infante, Tania |
| 245 1# - MENCIÓN DE TITULO | |
| Título | Entre amis 2 : |
| Subtítulo | educación básica / |
| Mención de responsabilidad | Tania Flores Infante ; dirección editorial Obdulia García de Escobar |
| 260 ## - PUBLICACIÓN, DISTRIBUCIÓN, ETC. (PIE DE IMPRENTA) | |
| Lugar de publicación, distribución, etc | Santo Domingo : |
| Nombre del editor, distribuidor, etc. | Santillana, |
| Fecha de publicación, distribución, etc | 2005. |
| 300 ## - DESCRIPCIÓN FÍSICA | |
| Extensión | 2 v. : |
| Otros detalles físicos | il., |
| Dimensiones | 28 cm. |
| 490 1# - MENCIÓN DE SERIES | |
| Mención de serie | Ámbar |
| 500 ## - NOTA GENERAL | |
| Nota general | La biblioteca posee el libro y el cahier 6to. curso. Educación básica |
| 700 1# - ASIENTO SECUNDARIO -- NOMBRE PERSONAL | |
| Nombre personal | García de Escobar, Obdulia, |
| Mención de responsabilidad | ed. |
| 830 #0 - ASIENTO SECUNDARIO DE SERIE--TÍTULO UNIFORME | |
| Título uniforme | Ámbar |
| 942 ## - ADDED ENTRY ELEMENTS (KOHA) | |
| Source of classification or shelving scheme | Dewey Decimal Classification |
| Koha item type | Libros |
| 945 ## - INFORMACIÓN DE PROCESAMIENTO LOCAL | |
| Información de procesamiento local | inventariado, 2018 / dg Remanejado para la BNPHU / 2018 BT |
| 956 ## - LOCAL ELECTRONIC LOCATION AND ACCESS (OCLC) | |
| Nombre de host | BTAVAREZ |
| Número de acceso | 10 |
| Información de compresión | BPMSU |
| Trayectoria | 20180307 |
| Nombre Electrónico | 0038 |
| Withdrawn status | Lost status | Source of classification or shelving scheme | Damaged status | Not for loan | Home library | Current library | Date acquired | Source of acquisition | Total Checkouts | Full call number | Barcode | Date last seen | Price effective from | Koha item type | Copy number | Collection code |
|---|---|---|---|---|---|---|---|---|---|---|---|---|---|---|---|---|
| Dewey Decimal Classification | Biblioteca Pública Metropolitana Salomé Ureña | Biblioteca Pública Metropolitana Salomé Ureña | 04/25/2016 | Donación | xxxx xxxx | BPMSU16040692 | 04/25/2016 | 04/25/2016 | Libros | |||||||
| Dewey Decimal Classification | Biblioteca Pública Metropolitana Salomé Ureña | Biblioteca Pública Metropolitana Salomé Ureña | 04/25/2016 | Donación | BPMSU16040693 | 04/25/2016 | 04/25/2016 | Libros | v. 1, ej. 2 | |||||||
| Dewey Decimal Classification | Biblioteca Pública Metropolitana Salomé Ureña | Biblioteca Pública Metropolitana Salomé Ureña | 04/25/2016 | Donación | BPMSU16040694 | 04/25/2016 | 04/25/2016 | Libros | v. 1, ej. 3 | |||||||
| Dewey Decimal Classification | Biblioteca Pública Metropolitana Salomé Ureña | Biblioteca Pública Metropolitana Salomé Ureña | 04/25/2016 | Donación | BPMSU16040695 | 04/25/2016 | 04/25/2016 | Libros | v. 2 |